Statistics for Books by Letters Y and Z

Click here to take the quiz!

General Stats

  • This quiz has been taken 17 times
  • The average score is 3 of 12

Answer Stats

HintBook% Correct
A swashbuckling adventure story that reveals for the first time how Diego de la Vega became Zorro, the masked man we all know so well.Zorro
82%
The story starts eight months after the murder of Tracy Bond, which occurred at the end of the previous novel, On Her Majesty's Secret Service.You Only Live Twice
53%
A short story by Charlotte Perkins Gilman that describes the narrator's depression following the birth of her child.The Yellow Wallpaper
41%
A picture book collection by Theodor Seuss Geisel, published under his more commonly known pseudonym of Dr. Seuss.Yertle the Turtle
18%
The novel tells the story of Toby and Ren, two survivors of a devastating human-made plague, the long-feared Waterless Flood that obliterated most human life.The Year of the Flood
12%
The Zabinskis covertly begin working with the Resistance and put into action plans to save the lives of hundreds from what has become the Warsaw Ghetto.The Zookeeper's Wife
12%
Anna Frith and the villagers of Eyam as they try to survive the plague of 1666 by isolating themselves from other towns in England.Year of Wonders
12%
A novel about a young girl growing up with her enslaved nursemaid on a nineteenth-century Virginia plantation.Yellow Crocus
12%
Amy Poehler shares stories about her personal life, offering readers serious and not-so-serious life advice.Yes Please
12%
Newbery Honor author Rodman Philbrick presents a gripping yet poignant novel about a 12-year-old boy and his dog who become trapped in New Orleans during the horrors of Hurricane Katrina.Zane and the Hurricane
12%
The true story of one family, caught between America’s two biggest policy disasters: the war on terror and the response to Hurricane Katrina.Zeitoun
12%
About acknowledging the solace found in ordinary things: a warm bath, good food, the beauty of nature, music, friends, and art.The Year of Pleasures
0%

Score Distribution

Percentile by Number Answered

Percent of People with Each Score

Your Score History

You have not taken this quiz